Switching Power Supply Design / (Record no. 15178)

MARC details
000 -LEADER
fixed length control field 01174cam a2200325 a 4500
001 - CONTROL NUMBER
control field 15649019
005 - DATE AND TIME OF LATEST TRANSACTION
control field 20130812122832.0
008 - FIXED-LENGTH DATA ELEMENTS--GENERAL INFORMATION
fixed length control field 090306s2009 nyua b 001 0 eng
010 ## - LIBRARY OF CONGRESS CONTROL NUMBER
LC control number 2009009103
020 ## - INTERNATIONAL STANDARD BOOK NUMBER
International Standard Book Number 0071482725 (alk. paper)
020 ## - INTERNATIONAL STANDARD BOOK NUMBER
International Standard Book Number 9780071482721 (alk. paper)
040 ## - CATALOGING SOURCE
Original cataloging agency DLC
Transcribing agency DLC
050 00 - LIBRARY OF CONGRESS CALL NUMBER
Classification number TK7868.P6
Item number P75 2009
082 00 - DEWEY DECIMAL CLASSIFICATION NUMBER
Classification number 621.381044
Edition number 22
Item number PRE
100 1# - MAIN ENTRY--PERSONAL NAME
Personal name Pressman, Abraham I.
9 (RLIN) 23327
245 10 - TITLE STATEMENT
Title Switching Power Supply Design /
Statement of responsibility, etc Abraham I. Pressman, Keith Billings, Taylor Morey.
250 ## - EDITION STATEMENT
Edition statement 3rd ed.
260 ## - PUBLICATION, DISTRIBUTION, ETC. (IMPRINT)
Place of publication, distribution, etc New York :
Name of publisher, distributor, etc McGraw-Hill, 2009
Date of publication, distribution, etc c2009.
300 ## - PHYSICAL DESCRIPTION
Extent xxxvii, 841 p. :
Other physical details ill. ;
Dimensions 24 cm.
504 ## - BIBLIOGRAPHY, ETC. NOTE
Bibliography, etc Includes bibliographical references (p. 797-806) and index.
650 #0 - SUBJECT ADDED ENTRY--TOPICAL TERM
Topical term or geographic name as entry element Switching power supplies.
9 (RLIN) 23328
650 #0 - SUBJECT ADDED ENTRY--TOPICAL TERM
Topical term or geographic name as entry element Electronic apparatus and appliances
General subdivision Power supply.
9 (RLIN) 23329
650 #0 - SUBJECT ADDED ENTRY--TOPICAL TERM
Topical term or geographic name as entry element Microelectronics
General subdivision Power supply.
9 (RLIN) 23330
650 #0 - SUBJECT ADDED ENTRY--TOPICAL TERM
Topical term or geographic name as entry element Electric current converters.
9 (RLIN) 23331
653 ## - INDEX TERM--UNCONTROLLED
Resource For college
Arrived date list April2011
700 1# - ADDED ENTRY--PERSONAL NAME
Personal name Billings, Keith H.
9 (RLIN) 23332
700 1# - ADDED ENTRY--PERSONAL NAME
Personal name Morey, Taylor.
9 (RLIN) 23333
942 ## - ADDED ENTRY ELEMENTS (KOHA)
Source of classification or shelving scheme Dewey Decimal Classification
Item type Book - Borrowing
Holdings
Withdrawn status Item status Source of classification or shelving scheme Damaged status Not for loan Vendor Home library Current library Shelving location Date acquired Source of acquisition Cost, normal purchase price Serial Enumeration / chronology Total Checkouts Full call number Barcode Date last seen Koha item type
    Dewey Decimal Classification     Baccah Central Library Central Library First floor 27/04/2011   512.00 12158   621.381044 PRE 000023395 15/07/2025 Book - Borrowing